000 00490nam a22001817a 4500
003 PILC
005 20150908073055.0
008 150908b xxu||||| |||| 00| 0 eng d
020 _a185418055x
050 _aTA 145
_b.B789 1990
100 _aBoyce, Tim.
245 _aThe commercial engineer /
_cTim Boyce.
260 _aLondon :
_bHawksmere,
_c1990.
300 _a227 pages :
_billustrations ;
_c25 cm.
500 _aIncludes appendix.
650 _aEngineering.
942 _2lcc
_cBK
_kFOR
999 _c288639
_d288639